| 000 | 00564nam a22001937a 4500 | ||
|---|---|---|---|
| 003 | SISC | ||
| 005 | 20160404144715.0 | ||
| 008 | 130828t xxu||||| |||| 00| 0 eng d | ||
| 020 | _a0070371814 | ||
| 050 |
_aHM 51 _b.L357 1987 |
||
| 082 |
_aHS 301 _bL54 1987 |
||
| 100 |
_aLenski, Gerhard _914797 |
||
| 245 |
_aHuman societies: an introduction to macrosociety / _cGerhard Lenski |
||
| 260 |
_aNew York : _b McGraw hill, _c1987. |
||
| 300 |
_a501 p.: _bill ; _c25 cm. |
||
| 650 |
_a Sociology _x Social evolution _914798 |
||
| 942 |
_2lcc _cBK |
||
| 999 |
_c9715 _d9715 |
||